LEADER 01052nam a2200205 4500 001 000000357357 003 CaOOAMICUS 005 20240223124409.0 008 240223s1902 it 000 u ita r 040 $aSeMil$bita 110 0 $aArcidiocesi di Agrigento.$0(OLS)http://semarc/name/119249 245 10$aRicordo delle onoranze funebri a don Davide Albertario nel trigesimo dalla sua morte /$cLa federazione delle opere economico sociali della Diocesi di Girgenti. 264 1$aGirgenti :$bUfficio Tipografico S. Sirchia e c.,$c1902. 300 $a21p. ;$c24 cm 650 04$aAlbertario, Davide - Celebrativi.$0(OLS)http://semarc/subject/42680 850 $aSeMil 852 $aSeMil$W1$xVenegono$y1$m5C IV 6/16$j246544$B248533$CSeMilBibl$Z2$F248533 $81 996 $6245$aRicordo delle onoranze funebri a don Davide Albertario nel trigesimo dalla sua morte$9(OLS)http://semarc/title/447587 996 $6264$aGirgenti :$bUfficio Tipografico S. Sirchia e c.$9(OLS)http://semarc/publisher/61596 LEADER 01080nam a2200289 i 4500 001 000000121530 003 CaOOAMICUS 005 20031223000000.0 008 031223s1990 it u000 u ita u 013 $a94225 020 $a88-18-30027-X 040 $aSeMil$bita 100 0 $aTeresa : di Calcutta,$c.$0(OLS)http://semarc/name/32720 245 13$aLa mia vita /$cMadre Teresa di Calcutta. 260 $aMilano :$bRusconi,$c1990. 300 $a202 p., [8] p. di tav. ;$c22 cm. 500 $aFondo Card. C.M. Martini. 600 04$aTeresa : di Calcutta .$0(OLS)http://semarc/subject/6939 850 $aSeMil 852 $aSeMil$W1$xVenegono$y1$m3H III 530$j248546$B76600$CSeMilBibl$Z2$F78476 $81 900 1 $aMadre Teresa. 941 1 $a4 961 $aOmaggio: Martini Card. Carlo Maria 996 $6020$a88-18-30027-X$9(OLS)http://semarc/number/75828 996 $6245$aLa mia vita$9(OLS)http://semarc/title/25890 996 $6260$aMilano :$bRusconi$9(OLS)http://semarc/publisher/30258